000 00306nam a22001337a 4500
008 170713b xxu||||| |||| 00| 0 eng d
020 _a11815
041 _aeng
080 _a1(091)
100 _a24
101 _aFIL
245 _aESSAYS IN THE PHILOSOPHY OF HISTORY
_cCOLLINGWOOD, R.G
942 _2udc
_cBK
999 _c20596
_d20596